Moderný návrat k Aristotelovi: hylomorfné verzus historické esencie

Stručné a kritické predstavenie antiesencializmu v biológii.Vysvetlenie Walshovej koncepcie evolučného esencializmu, ktorý je u nás neznámy a kritické porovnanie koncepciou historických esencií. Aristotelovská esencia v evolučnom esencializme. Porovnanie hylomorfných esencií s historickými esencia...

Celý popis

Uložené v:
Podrobná bibliografia
Hlavný autor: Sýkora, Peter
Médium: Kapitola
Jazyk:Slovak
Predmet:
Tagy: Pridať tag
Žiadne tagy, Buďte prvý, kto otaguje tento záznam!

MARC

LEADER 00000naa a2200000 4500
001 0246138
005 20180629113335.5
041 0 |a slo 
044 |a SK 
245 1 0 |a Moderný návrat k Aristotelovi: hylomorfné verzus historické esencie  |c Peter Sýkora 
520 |a Stručné a kritické predstavenie antiesencializmu v biológii.Vysvetlenie Walshovej koncepcie evolučného esencializmu, ktorý je u nás neznámy a kritické porovnanie koncepciou historických esencií. Aristotelovská esencia v evolučnom esencializme. Porovnanie hylomorfných esencií s historickými esenciami. 
610 2 0 |a história 
610 2 0 |a biológia 
610 2 0 |a filozofia 
100 1 |a Sýkora, Peter